[Event "Schleswig-Holstein-ch Basis"]
[Site "Buesum"]
[Date "2010.04.02"]
[Round "9"]
[White "Nickel, Holger"]
[Black "Makarov, Anatoliy"]
[Result "1-0"]
[WhiteElo "1412"]
[BlackElo "1292"]
[PlyCount "117"]
[EventDate "2010.03.27"]
[EventType "swiss"]
[EventRounds "9"]
[EventCountry "GER"]
[SourceTitle "EXT 2023"]
[Source "ChessBase"]
[SourceDate "2022.10.05"]
[SourceVersion "1"]
[SourceVersionDate "2022.10.05"]
[SourceQuality "1"]

1. Nf3 Nf6 2. g3 d5 3. Bg2 c6 4. 0-0 Nbd7 5. d3 e5 6. Nbd2 Bd6 7. e4 dxe4 8. Nxe4 Be7 9. Re1 h6 10. b3 Nxe4 11. dxe4 Qc7 12. Bb2 Bf6 13. Rb1 0-0 14. c4 c5 15. Qc2 b6 16. Rbd1 Bb7 17. Bh3 Rad8 18. Bxd7 Rxd7 19. Rxd7 Qxd7 20. Bxe5 Bxe5 21. Nxe5 Qe6 22. Nf3 Qg4 23. Ne5 Qe6 24. Nf3 Qg4 25. Qd3 Re8 26. Nd2 Qh3 27. f3 Bc6 28. Qf1 Qd7 29. Qf2 Qd3 30. Qe3 Qc2 31. a4 a6 32. Nb1 Qb2 33. Qc3 Qxc3 34. Nxc3 f5 35. Nd5 b5 36. axb5 axb5 37. e5 b4 38. f4 Kf7 39. Ra1 g5 40. Ra7+ Kf8 41. Rc7 Re6 42. Kf2 Rg6 43. Rc8+ Kf7 44. Rc7+ Kf8 45. h3 Re6 46. Kf3 h5 47. g4 gxf4 48. Kxf4 fxg4 49. hxg4 Be8 50. gxh5 Bxh5 51. Rxc5 Bd1 52. Rc8+ Re8 53. Rxe8+ Kxe8 54. c5 Bxb3 55. Nxb4 Kd8 56. Kf5 Ke7 57. Nc6+ Kd7 58. Nd4 Ke7 59. Nxb3 1-0

[Event "Uljanovsk-ch FL"]
[Site "Uljanovsk"]
[Date "2007.03.22"]
[Round "7"]
[White "Goncharov, Evgeniy"]
[Black "Makarov, Anatoliy"]
[Result "1/2-1/2"]
[WhiteElo "1893"]
[BlackElo "1965"]
[PlyCount "160"]
[EventDate "2007.03.15"]
[EventType "tourn"]
[EventRounds "13"]
[EventCountry "RUS"]
[SourceTitle "EXT 2022"]
[Source "ChessBase"]
[SourceDate "2021.10.06"]
[SourceVersion "1"]
[SourceVersionDate "2021.10.06"]
[SourceQuality "1"]

1. Nf3 d5 2. g3 c6 3. Bg2 g6 4. 0-0 Bg7 5. d3 Nf6 6. Nbd2 0-0 7. c3 Re8 8. Re1 e5 9. e4 Bg4 10. Qb3 dxe4 11. dxe4 Qc7 12. h3 Be6 13. Qc2 Nbd7 14. Ng5 Rad8 15. Nxe6 Rxe6 16. Nc4 b5 17. Ne3 Nc5 18. Ng4 Ne8 19. Be3 Bf8 20. Rad1 h5 21. Nh2 Nb7 22. Nf3 c5 23. Rxd8 Qxd8 24. Rd1 Rd6 25. Rxd6 Qxd6 26. h4 a6 27. a4 Kg7 28. Bf1 c4 29. axb5 axb5 30. b3 Na5 31. bxc4 Nxc4 32. Bxc4 bxc4 33. Nxe5 Qe6 34. Bd4 f6 35. Nf3 Qg4 36. Kg2 Kh7 37. e5 Bg7 38. exf6 Bxf6 39. Bxf6 Nxf6 40. Ng5+ Kg7 41. Qa4 Qc8 42. Qa7+ Qd7 43. Qxd7+ Nxd7 44. Ne4 Nb6 45. Kf3 Kf7 46. Ke3 Ke6 47. Kd4 Kf5 48. f3 Ke6 49. Nd2 Nd7 50. Nxc4 g5 51. hxg5 Kf5 52. g6 Kg5 53. g7 Nf6 54. Ne5 Kh6 55. c4 Kxg7 56. c5 Ne8 57. Kd5 Kf6 58. Nd7+ Ke7 59. Kc6 Kd8 60. Ne5 Kc8 61. Kb6 Nc7 62. f4 Nd5+ 63. Kc6 Ne7+ 64. Kb6 Nf5 65. c6 Nxg3 66. Nf7 Ne4 67. f5 h4 68. Ne5 h3 69. Ng4 Nf6 70. Nh2 Ne4 71. Nf1 Nf6 72. Kc5 Kc7 73. Ng3 h2 74. Nh1 Ne8 75. Kd5 Nf6+ 76. Ke5 Ne8 77. Kd5 Nf6+ 78. Ke6 Ne8 79. Ke7 Nd6 80. f6 Kxc6 1/2-1/2

[Event "Uljanovsk-ch sf"]
[Site "Uljanovsk"]
[Date "2007.02.15"]
[Round "6"]
[White "Makarov, Anatoliy"]
[Black "Saveliev, Dmitri"]
[Result "0-1"]
[WhiteElo "1965"]
[BlackElo "2063"]
[PlyCount "98"]
[EventDate "2007.02.10"]
[EventType "swiss"]
[EventRounds "9"]
[EventCountry "RUS"]
[SourceTitle "EXT 2019"]
[Source "ChessBase"]
[SourceDate "2018.10.10"]
[SourceVersion "1"]
[SourceVersionDate "2018.10.10"]
[SourceQuality "1"]

1. e4 e6 2. Nc3 d5 3. d4 Nf6 4. Bg5 Be7 5. Bd3 dxe4 6. Nxe4 Nxe4 7. Bxe7 Qxe7 8. Bxe4 Qb4+ 9. c3 Qxb2 10. Ne2 c6 11. 0-0 Nd7 12. Qd3 Nf6 13. Rfb1 Qa3 14. Rb3 Qd6 15. Bf3 0-0 16. Rd1 b6 17. c4 Ba6 18. Qc3 Rfd8 19. h3 Rac8 20. Rb2 e5 21. Rbd2 e4 22. Bg4 Nxg4 23. hxg4 Qe6 24. Ng3 Qxg4 25. d5 cxd5 26. Rxd5 Re8 27. R1d4 Qg6 28. Qe3 f6 29. Rf5 Rxc4 30. Qb3 Qf7 31. Rfd5 Rxd4 32. Rxd4 Qxb3 33. axb3 e3 34. fxe3 Rxe3 35. Nf5 Rxb3 36. Rd7 g6 37. Nh6+ Kf8 38. Rxa7 Bc4 39. Rxh7 Be6 40. Kf2 b5 41. g4 b4 42. Kg2 Rc3 43. Kh2 b3 44. Rb7 Rc2+ 45. Kg3 b2 46. Kf4 Ba2 47. Rb8+ Kg7 48. g5 fxg5+ 49. Kxg5 Rc5+ 0-1

[Event "Uljanovsk Petrosian Memorial op"]
[Site "Uljanovsk"]
[Date "2006.06.11"]
[Round "8"]
[White "Makarov, Anatoliy"]
[Black "Chikunov, Anatoliy"]
[Result "0-1"]
[WhiteElo "2028"]
[BlackElo "2045"]
[PlyCount "50"]
[EventDate "2006.05.27"]
[EventType "swiss"]
[EventRounds "9"]
[EventCountry "RUS"]
[SourceTitle "EXT 2008"]
[Source "ChessBase"]
[SourceDate "2007.11.25"]
[SourceVersion "1"]
[SourceVersionDate "2007.11.25"]
[SourceQuality "1"]

1. e4 e5 2. Nf3 Nc6 3. Bc4 Nf6 4. d3 Bc5 5. 0-0 0-0 6. Bg5 h6 7. Bh4 d6 8. h3 Be6 9. Bd5 Bxd5 10. exd5 Nd4 11. Nc3 Nxf3+ 12. Qxf3 g5 13. Bg3 Nd7 14. h4 f5 15. hxg5 hxg5 16. Qh5 Qf6 17. Na4 Rf7 18. Nxc5 Nxc5 19. Qe2 Rh7 20. f3 Kf7 21. Be1 Qh6 22. Bd2 Qh2+ 23. Kf2 Qh4+ 24. Kg1 Rah8 25. g3 Qxg3+ 0-1

[Event "Uljanovsk Petrosian Memorial op"]
[Site "Uljanovsk"]
[Date "2006.06.04"]
[Round "6"]
[White "Prihodko, Ilja"]
[Black "Makarov, Anatoliy"]
[Result "1-0"]
[WhiteElo "1872"]
[BlackElo "2028"]
[PlyCount "204"]
[EventDate "2006.05.27"]
[EventType "swiss"]
[EventRounds "9"]
[EventCountry "RUS"]
[SourceTitle "EXT 2008"]
[Source "ChessBase"]
[SourceDate "2007.11.25"]
[SourceVersion "1"]
[SourceVersionDate "2007.11.25"]
[SourceQuality "1"]

1. e4 e6 2. d4 d5 3. exd5 exd5 4. Nc3 Nf6 5. Nf3 Bb4 6. Bd2 0-0 7. Be2 Nc6 8. 0-0 Bg4 9. a3 Bd6 10. Bg5 Be6 11. Qd2 Be7 12. Ne5 Ne4 13. Nxe4 dxe4 14. Nxc6 bxc6 15. Bxe7 Qxe7 16. Qc3 Qd6 17. Qe3 f5 18. c4 Rae8 19. c5 Qd7 20. Rac1 Kh8 21. g3 Rf6 22. Bc4 Ref8 23. Bxe6 Qxe6 24. Rfe1 Qd5 25. b4 Rg6 26. Kh1 h5 27. Rf1 Rgf6 28. Rfe1 Rg6 29. Rf1 Rg4 30. h3 Rg6 31. Kh2 Qd8 32. f3 Re8 33. f4 Rge6 34. h4 Rg6 35. Rc3 Rg4 36. Kh3 Re6 37. Qd2 Qd5 38. Re3 Re8 39. Qc3 Rd8 40. Rd1 Rg6 41. Re2 Rf6 42. Qe3 Qf7 43. Red2 Rd5 44. Kg2 Re6 45. Kf2 Qg6 46. Re2 Re7 47. Red2 Red7 48. Kg2 Qg4 49. Re1 Kh7 50. Red1 Kh6 51. Kh2 Qg6 52. Kg2 Qf6 53. Kf2 Qd8 54. Kg2 Qb8 55. Kf2 Qb5 56. Qc3 Re7 57. Ke3 Qb8 58. Re2 Qe8 59. Kf2 Qg6 60. Qe3 Qg4 61. Kg2 Rd8 62. Red2 Red7 63. Kh2 Kg6 64. Kg2 Kf6 65. Kh2 Ke6 66. Kg2 Rd5 67. Kh2 Qg6 68. Kg2 Qf7 69. Kf2 Qd7 70. Qb3 Kf6 71. Ke3 Rb8 72. Qc3 Qc8 73. Rb2 Qa6 74. Rb3 Qb5 75. Rc1 a5 76. Qc4 Qa4 77. Rcc3 Rbd8 78. b5 Rxd4 79. Qxa4 Rxa4 80. b6 cxb6 81. cxb6 Rad4 82. Rxc6+ Ke7 83. b7 Rd3+ 84. Rxd3 Rxd3+ 85. Ke2 Rb3 86. Rc7+ Kd6 87. Rxg7 Kc6 88. Rg5 Kxb7 89. Rxf5 Rxa3 90. Rxh5 Kb6 91. g4 Rg3 92. g5 a4 93. Rh8 a3 94. Ra8 Kc5 95. h5 Kd4 96. Ra4+ Kd5 97. h6 Rb3 98. g6 Rb2+ 99. Ke1 a2 100. h7 Rb1+ 101. Kd2 a1Q 102. Rxa1 Rxa1 1-0

[Event "Uljanovsk Petrosian Memorial op"]
[Site "Uljanovsk"]
[Date "2006.06.03"]
[Round "4"]
[White "Prikhodko, Anton"]
[Black "Makarov, Anatoliy"]
[Result "1-0"]
[WhiteElo "1874"]
[BlackElo "2028"]
[PlyCount "137"]
[EventDate "2006.05.27"]
[EventType "swiss"]
[EventRounds "9"]
[EventCountry "RUS"]
[SourceTitle "EXT 2008"]
[Source "ChessBase"]
[SourceDate "2007.11.25"]
[SourceVersion "1"]
[SourceVersionDate "2007.11.25"]
[SourceQuality "1"]

1. e4 c5 2. Nf3 Nf6 3. Nc3 e6 4. Bc4 d5 5. exd5 exd5 6. Bb5+ Bd7 7. Bxd7+ Nbxd7 8. 0-0 Be7 9. d4 0-0 10. Be3 Re8 11. Re1 Rc8 12. h3 a6 13. dxc5 Nxc5 14. Bg5 Nce4 15. Bxf6 Nxf6 16. Qd3 Bd6 17. Rxe8+ Nxe8 18. Nxd5 Nf6 19. Rd1 Be7 20. Nxf6+ Bxf6 21. Qxd8+ Bxd8 22. Rd7 f6 23. Rxb7 Rxc2 24. Rb8 Rc1+ 25. Kh2 Rd1 26. Ra8 a5 27. Ra7 Bb6 28. Ra6 Rd6 29. g3 Kf7 30. Kg2 Ke7 31. Nd2 Bd8 32. Rxd6 Kxd6 33. Kf3 Kd5 34. Ke2 Bc7 35. Kd3 f5 36. Nc4 g5 37. Ne3+ Ke5 38. f3 Bd8 39. a3 h5 40. Ng2 f4 41. g4 hxg4 42. hxg4 Kd5 43. Ne1 Bf6 44. b3 Be7 45. Nc2 Bf6 46. a4 Bd8 47. b4 axb4 48. Nxb4+ Kc5 49. Nc2 Kd5 50. Nd4 Ba5 51. Nb3 Be1 52. a5 Bf2 53. a6 Kc6 54. Nd4+ Kb6 55. Ne6 Bh4 56. Ke4 Kxa6 57. Kf5 Kb6 58. Nxg5 Kc6 59. Kxf4 Kd6 60. Ne4+ Ke6 61. g5 Be1 62. Kg4 Kf7 63. f4 Bb4 64. f5 Kg7 65. Kh5 Ba3 66. f6+ Kg8 67. g6 Kh8 68. g7+ Kg8 69. Kg6 1-0

[Event "Uljanovsk Petrosian Memorial op"]
[Site "Uljanovsk"]
[Date "2006.05.27"]
[Round "1"]
[White "Makarov, Anatoliy"]
[Black "Zorin, Alexander"]
[Result "1-0"]
[WhiteElo "2028"]
[BlackElo "2148"]
[PlyCount "117"]
[EventDate "2006.05.27"]
[EventType "swiss"]
[EventRounds "9"]
[EventCountry "RUS"]
[SourceTitle "EXT 2008"]
[Source "ChessBase"]
[SourceDate "2007.11.25"]
[SourceVersion "1"]
[SourceVersionDate "2007.11.25"]
[SourceQuality "1"]

1. d4 e6 2. e4 d6 3. Nf3 Be7 4. Bd3 Nc6 5. 0-0 e5 6. c3 Bg4 7. d5 Nb8 8. h3 Bh5 9. Re1 Nd7 10. Nbd2 a6 11. Nf1 Ngf6 12. Ng3 Bg6 13. Be3 0-0 14. Nh4 Nxd5 15. Nxg6 Nxe3 16. Nxe7+ Qxe7 17. fxe3 Nc5 18. Bc2 b5 19. Rf1 Ne6 20. Qd5 Rab8 21. Rad1 g6 22. Rf2 Qg5 23. Rf3 Kg7 24. Rdf1 Qe7 25. Qd2 f6 26. h4 Qd7 27. b4 c5 28. Rd1 Rb6 29. Bb3 c4 30. Bc2 Nc7 31. Qe2 Ne8 32. Rf2 Qa7 33. Qg4 Kh8 34. Rdf1 Rb7 35. Rf3 Rg7 36. Qe6 Qb6 37. Rd1 Qc7 38. h5 Re7 39. Qh3 Rg7 40. Rdf1 Qa7 41. hxg6 Rxg6 42. Nf5 Rfg8 43. R1f2 Rg5 44. Kh2 Qf7 45. Ng3 R8g6 46. Qc8 Qg8 47. Qh3 Qg7 48. Nf5 Qc7 49. Rg3 Rxg3 50. Nxg3 Ng7 51. Bd1 Qd8 52. Nf5 Qf8 53. Kg1 Ne6 54. Nh4 Rh6 55. Qxe6 Rxh4 56. Rxf6 Qd8 57. Qxd6 Qxd6 58. Rxd6 Rxe4 59. Kf2 1-0